Logic and computer design fundamentals, 2nd Ed (Record no. 309002)
[ view plain ]
| 000 -LEADER | |
|---|---|
| fixed length control field | 00205 a2200085 4500 |
| 001 - CONTROL NUMBER | |
| control field | 73929 |
| 090 ## - LOCALLY ASSIGNED LC-TYPE CALL NUMBER (OCLC); LOCAL CALL NUMBER (RLIN) | |
| -- | 39022 |
| -- | 39022 |
| 245 ## - TITLE STATEMENT | |
| Title | Logic and computer design fundamentals, 2nd Ed |
| 260 ## - PUBLICATION, DISTRIBUTION, ETC. | |
| Place of publication, distribution, etc. | Delhi, India |
| Name of publisher, distributor, etc. | Pearson |
| Date of publication, distribution, etc. | 2001 |
| 942 ## - ADDED ENTRY ELEMENTS (KOHA) | |
| Institution code [OBSOLETE] | NUST-CAE |
| Withdrawn status | Lost status | Damaged status | Not for loan | Collection code | Permanent Location | Current Location | Date acquired | Total Checkouts | Barcode | Date last seen | Price effective from | Koha item type |
|---|---|---|---|---|---|---|---|---|---|---|---|---|
| College of Aeronautical Engineering (CAE) | College of Aeronautical Engineering (CAE) | 04/03/2017 | CAE79721 | 04/05/2017 | 04/05/2017 | Book |
